00920nam a2200265 a 450000100060000000300080000600500170001400800410003103500200007203500140009204000340010604100080014008200260014810000390017424500540021325000110026726000520027830000250033049000420035565000450039785600420044294200120048499900170049695201410051359792BD-RjUL20211209080753.0721128s19571952enk 001 0 eng  a(BD-RjUL) 59916 a(BD-RjUL) aDLCcODaWUdDLCdBD-RjULbeng aeng 223a352.073bLAG 19571 aLancaster, Lane W.,d1892-917794510aGovernment in rural America /cLane W.Lancaster,  a2d ed. aNew York :bVan Nostrand,c1952 [reprinted1957] axi, 375 p. ;c20 cm.0 aVan Nostrand political science series 0aLocal governmentzUnited States.9171731 3Van Nostrand political science series 2ddccBK c59792d59792 00102ddc40718NFICaRUCLbRUCLcReadingd1963-11-12eZeithingerg42.06l0o352.073 LAG 1957r2016-12-27 00:00:00tC-1w2016-12-27yBK